• 首页
  • 本馆介绍
  • 公告通知
  • 最新文献
  • 馆藏检索
  • 电子资源
  • 读者导购
  • 参考咨询
  • 我的图书馆
  • 登录
  • 详细信息显示
  • 放入我的书架
  • 预约/预借图书
  • 作者相关作品
  • 分类相关作品
  • 丛书相关作品
  • 出版社相关作品

书目信息

  • 表格格式
  • 工作单格式
  • 卡片格式
题名:
激光与地球
    
 
作者: 雷仕湛 编著
分册:  
出版信息: 上海   上海科学技术出版社  2020.1
页数: 346页
开本: 24cm
丛书名:
单 册:
中图分类: TN247
科图分类:
主题词: 激光探测--应用--地球科学
电子资源:
ISBN: 978-7-5478-4590-5
000 00925nam0 2200277 45
001 012001001559
005 20140914105609.0
010    @a978-7-5478-4590-5@dCNY78.00
100    @a20200428d2020 em y0chiy50 ea
101 0  @achi
102    @aCN@b310000
105    @aa z 000yy
106    @ar
200 1  @a激光与地球@Aji guang yu di qiu@b专著@f雷仕湛[等]编著
210    @a上海@c上海科学技术出版社@d2020.1
215    @a346页@c图@d24cm
300    @a并列题名:Laser and the earth
304    @a编著者还有:闫海生、薛慧彬、沈力
312    @a封面英文题名:Laser and the earth
330    @a本书介绍了利用激光技术探测海洋环境、海洋资源、太空资源、地球运动和气候变化的基本原理、主要技术以及获得的主要结果。
510 1  @aLaser and the earth@zeng
606 0  @a激光探测@x应用@x地球科学
690    @aTN247@v5
701  0 @a雷仕湛@Alei shi zhan@4编著
801  0 @aCN@bBJSDL@c20211011
905    @b1336296-8@dTN247@e155@f3
    
    激光与地球/雷仕湛[等]编著.-上海:上海科学技术出版社,2020.1
    346页:图;24cm
    并列题名:Laser and the earth
    
    ISBN 978-7-5478-4590-5:CNY78.00
    本书介绍了利用激光技术探测海洋环境、海洋资源、太空资源、地球运动和气候变化的基本原理、主要技术以及获得的主要结果。
●
相关链接 在E读中查询图书 在五车中查询图书 在当当中查询图书 在豆瓣中查询图书


正题名:激光与地球     索取号:TN247/155         预约/预借

序号 登录号 条形码 馆藏地/架位号 状态 备注
1 1336296   213362966   第二样本阅览室/ [索取号:TN247/155] 在馆    
2 1336297   213362975   第三借阅区/ [索取号:TN247/155] 在馆    
3 1336298   213362984   第三借阅区/ [索取号:TN247/155] 在馆    
唐山师范学院图书馆 欢迎您!
大连网信软件有限公司© 版权所有